000 00217nas a2200097Ia 4500
022 _a0019-5545
245 _aIndian Journals of Psychiatry
260 _c2010
_aINDIA
_bWOLTER KLUWER
310 _aQuaterly
942 _2ddc
_cLJ
999 _c6184
_d6184